Derecho político. Tomo I /
Guardado en:
| Autor Principal: | |
|---|---|
| Formato: | Libro |
| Idioma: | Spanish |
| Publicado: |
Buenos Aires :
Depalma,
1993.
|
| Edición: | 8a. ed. |
| Materias: | |
| Etiquetas: |
Agregar Etiqueta
Sin Etiquetas, Sea el primero en etiquetar este registro!
|
| LEADER | 00621nam a22001695a 4500 | ||
|---|---|---|---|
| 001 | DER.der013693 | ||
| 008 | 180906s1993####ag#####|###|#|######spa|| | ||
| 005 | 20250219091027.0 | ||
| 245 | 1 | 0 | |a Derecho político. |p Tomo I / |c Carlos S. Fayt. |
| 250 | |a 8a. ed. | ||
| 260 | |a Buenos Aires : |b Depalma, |c 1993. | ||
| 300 | |a 392 p. | ||
| 500 | |a Política y ciencia política. Relaciones de la política. Derecho político. Teoría de la sociedad. Teoría del Estado. Estado y Derecho. La Democracia. | ||
| 020 | |a 9501406938 | ||
| 100 | 1 | |a Fayt, Carlos S. | |
| 650 | 7 | |a CIENCIA POLITICA | |
| 859 | |a DERECHO |b BIB. DERECHO |h 321.01 |i FAY |p 008600 |3 Tomo I | ||
